000 00940nam a2200229Ia 4500
003 PE SENCICO BE
005 20251020182434.0
008 200515s9999 xx 000 0 und d
040 _aPE SENCICO BE
_cPE SENCICO BE
041 _aspa
082 _a153.52
_bH87
100 1 _92700
_aHuerta, José
_eautor
245 1 0 _aLa clasificación de los objetivos de aprendizaje :
_bsu función y utilidad, texto programado /
_cJosé Huerta
250 _a1a ed.
260 _aLima :
_bTrillas ;
_c1976
300 _a137 p. :
_btabls., graf. ;
_c24 cm.
505 0 _aFundamentos de la taxonomía educativa -- Las categorías de conocimiento -- Las categorías de comprensión -- La categoría de aplicación -- Las categorías 4.00, análisis -- La categoría de síntesis -- La categoría 6.00, evaluación
650 1 0 _aAprendizaje
_92282
650 2 0 _aEstrategias de aprendizaje
_92409
650 2 0 _aConocimiento
_91051
942 _cLIB
_2ddc
999 _c326
_d326